Statistics for Country and Capital Neighbour Connect with Disappearing World Map: Furthest from Greenwich Meridian along Parallels

Click here to take the quiz!

General Stats

  • This quiz has been taken 82 times
  • The average score is 220 of 392

Answers on the Map

Answers color-coded by a green-red scale on the quiz's map according to % correct below.
 

Answer Stats

HintHintCountry/Capital% Correct
21272South Tarawa
100%
21272Kiribati
97%
756.2263.4Nauru
83%
756.2263.4Yaren
83%
804.5282.8Funafuti
77%
760.6232.2Majuro
77%
760.6232.2Marshall Islands
77%
804.5282.8Tuvalu
77%
802.8307.7Apia
73%
717.7235.2Federated States of Micronesia
73%
782.9320.1Fiji
73%
742.1295Honiara
73%
717.7235.2Palikir
73%
755.5318.6Port Vila
73%
802.8307.7Samoa
73%
742.1295Solomon Islands
73%
782.9320.1Suva
73%
755.5318.6Vanuatu
73%
638.6246.1Bandar Seri Begawan
70%
608207.9Bangkok
70%
583181.8Bangladesh
70%
615140.9Beijing
70%
584.1169.4Bhutan
70%
638.6246.1Brunei
70%
616219.1Cambodia
70%
615140.9China
70%
583181.8Dhaka
70%
664.3290.8Dili
70%
664.3290.8East Timor
70%
624.3219.9Hanoi
70%
556185.9India
70%
635.5264Indonesia
70%
535.7164.2Islamabad
70%
635.5264Jakarta
70%
528149.2Kabul
70%
569.8166.5Kathmandu
70%
533100Kazakhstan
70%
610.3247.2Kuala Lumpur
70%
548122Kyrgyzstan
70%
610.3194.9Laos
70%
610.3247.2Malaysia
70%
614.2104.1Mongolia
70%
57752Moscow
70%
597188.5Myanmar
70%
597188.5Naypyidaw
70%
569.8166.5Nepal
70%
556185.9New Delhi
70%
665.7127North Korea
70%
703.7282.4Papua New Guinea
70%
616219.1Phnom Penh
70%
703.7282.4Port Moresby
70%
665.7127Pyongyang
70%
57752Russia
70%
669139Seoul
70%
669139South Korea
70%
545.2133.5Tajikistan
70%
584.1169.4Thimphu
70%
614.2104.1Ulaanbaatar
70%
610.3194.9Vientiane
70%
624.3219.9Vietnam
70%
502182.5Abu Dhabi
67%
470234.2Addis Ababa
67%
528149.2Afghanistan
67%
384.2167.2Algeria
67%
462.3158.9Amman
67%
420301.2Angola
67%
480.5125Armenia
67%
513130.6Ashgabat
67%
466.3209.2Asmara
67%
533100Astana
67%
487.6125Azerbaijan
67%
478.8149.9Baghdad
67%
487.6125Baku
67%
377202.2Bamako
67%
427.6239Bangui
67%
344216Banjul
67%
461.7146.8Beirut
67%
548122Bishkek
67%
347.7220.3Bissau
67%
435336.1Botswana
67%
416.9260.5Brazzaville
67%
447.8272.6Bujumbura
67%
447.8272.6Burundi
67%
447171.3Cairo
67%
407247Cameroon
67%
427.6239Central African Republic
67%
422.6209.4Chad
67%
353.3224.2Conakry
67%
368235.9Cote d'Ivoire
67%
347212Dakar
67%
467143Damascus
67%
433267.2Democratic Republic of the Congo
67%
476.4221.6Djibouti
67%
476.4221.6Djibouti (cap)
67%
459.1282.5Dodoma
67%
495.7176.2Doha
67%
545.2133.5Dushanbe
67%
447171.3Egypt
67%
404255.8Equatorial Guinea
67%
466.3209.2Eritrea
67%
470234.2Ethiopia
67%
386105France
67%
354232.9Freetown
67%
406.5264Gabon
67%
435336.1Gaborone
67%
344216Gambia
67%
479120Georgia
67%
353.3224.2Guinea
67%
347.7220.3Guinea-Bissau
67%
248242Guyana
67%
447325Harare
67%
501.3152.5Iran
67%
478.8149.9Iraq
67%
459157Israel
67%
459157Jerusalem
67%
462.3158.9Jordan
67%
449.6239.5Juba
67%
453.1256.6Kampala
67%
465.8259.9Kenya
67%
448.5209.5Khartoum
67%
447.8267.7Kigali
67%
433267.2Kinshasa
67%
487162.9Kuwait
67%
487162.9Kuwait City
67%
461.7146.8Lebanon
67%
444360.5Lesotho
67%
359.2239.6Liberia
67%
406.5264Libreville
67%
419.3172.9Libya
67%
456307Lilongwe
67%
361.7127.6Lisbon
67%
420301.2Luanda
67%
438310Lusaka
67%
372127.5Madrid
67%
404255.8Malabo
67%
456307Malawi
67%
467309.5Maputo
67%
444360.5Maseru
67%
354195.5Mauritania
67%
451.3350.1Mbabane
67%
488230Mogadishu
67%
359.2239.6Monrovia
67%
366153.5Morocco
67%
467309.5Mozambique
67%
509.33187.2Muscat
67%
465.8259.9Nairobi
67%
418328Namibia
67%
422.6209.4N'Djamena
67%
403.3203.9Niger
67%
398230.8Nigeria
67%
354195.5Nouakchott
67%
509.33187.2Oman
67%
535.7164.2Pakistan
67%
361.7127.6Portugal
67%
431365Pretoria
67%
495.7176.2Qatar
67%
366153.5Rabat
67%
416.9260.5Republic of the Congo
67%
482.1179.9Riyadh
67%
447.8267.7Rwanda
67%
482.1179.9Saudi Arabia
67%
347212Senegal
67%
354232.9Sierra Leone
67%
488230Somalia
67%
431365South Africa
67%
449.6239.5South Sudan
67%
372127.5Spain
67%
448.5209.5Sudan
67%
254.4248.1Suriname
67%
451.3350.1Swaziland
67%
467143Syria
67%
459.1282.5Tanzania
67%
525122.5Tashkent
67%
479120Tbilisi
67%
501.3152.5Tehran
67%
608207.9Thailand
67%
419.3172.9Tripoli
67%
401148Tunis
67%
401148Tunisia
67%
460.3130.6Turkey
67%
513130.6Turkmenistan
67%
453.1256.6Uganda
67%
502182.5United Arab Emirates
67%
525122.5Uzbekistan
67%
418328Windhoek
67%
407247Yaoundé
67%
480.5125Yerevan
67%
438310Zambia
67%
447325Zimbabwe
67%
234373Argentina
63%
216.3247.5Bogotá
63%
236319Bolivia
63%
232235Caracas
63%
218384Chile
63%
216.3247.5Colombia
63%
192228Costa Rica
63%
204265.5Ecuador
63%
180.4215El Salvador
63%
177.4210Guatemala
63%
177.4210Guatemala City
63%
184.5210.7Honduras
63%
236319La Paz
63%
208292Lima
63%
188.2218.1Managua
63%
151182Mexico
63%
151182Mexico City
63%
188.2218.1Nicaragua
63%
198232.5Panama
63%
198232.5Panama City
63%
248.9339.7Paraguay
63%
208292Peru
63%
204265.5Quito
63%
488.3208.2Sana'a
63%
192228San José
63%
180.4215San Salvador
63%
218384Santiago
63%
184.5210.7Tegucigalpa
63%
488.3208.2Yemen
63%
266294Brazil
60%
248.9339.7Asunción
57%
266294Brasília
57%
234373Buenos Aires
57%
248242Georgetown
57%
254.9370.2Montevideo
57%
254.4248.1Paramaribo
57%
386105Paris
57%
416.4124.2Rome
57%
254.9370.2Uruguay
57%
232235Venezuela
57%
425.5124Albania
53%
460.3130.6Ankara
53%
430129Athens
53%
443.481.2Belarus
53%
427.6113Belgrade
53%
421113Bosnia and Herzegovina
53%
436.7107.1Bucharest
53%
424.4103.1Budapest
53%
437.8117.9Bulgaria
53%
444.4102Chișinău
53%
418108Croatia
53%
430129Greece
53%
424.4103.1Hungary
53%
450.696Kiev
53%
427.5118.5Kosovo
53%
429.5121.7Macedonia
53%
444.4102Moldova
53%
423.7117.8Montenegro
53%
423.7117.8Podgorica
53%
427.5118.5Pristina
53%
436.7107.1Romania
53%
421113Sarajevo
53%
427.6113Serbia
53%
429.5121.7Skopje
53%
42398Slovakia
53%
437.8117.9Sofia
53%
425.5124Tirana
53%
450.696Ukraine
53%
414.2100.9Vienna
53%
423.687.1Warsaw
53%
39386.9Amsterdam
50%
384118.7Andorra
50%
384118.7Andorra la Vella
50%
414.2100.9Austria
50%
39191Belgium
50%
40489.9Berlin
50%
398.4103.5Bern
50%
42398Bratislava
50%
39191Brussels
50%
401.573.5Copenhagen
50%
41493.8Czech Republic
50%
401.573.5Denmark
50%
43964.8Estonia
50%
40489.9Germany
50%
416.4124.2Italy
50%
43870.6Latvia
50%
402103.1Liechtenstein
50%
434.376.3Lithuania
50%
413106.5Ljubljana
50%
394.394.2Luxembourg
50%
394.394.2Luxembourg (cap)
50%
443.481.2Minsk
50%
397.2114.5Monaco
50%
397.2114.5Monaco (cap)
50%
39386.9Netherlands
50%
423.687.1Poland
50%
41493.8Prague
50%
43870.6Riga
50%
408.5113.9San Marino
50%
408.5113.9San Marino (cap)
50%
413106.5Slovenia
50%
398.4103.5Switzerland
50%
43964.8Tallinn
50%
402103.1Vaduz
50%
408.5120.7Vatican City
50%
408.5120.7Vatican City (cap)
50%
434.376.3Vilnius
50%
418108Zagreb
50%
384.2167.2Algiers
47%
377202.2Mali
47%
398230.8Abuja
43%
378.2234.5Accra
43%
385.7225Benin
43%
377219Burkina Faso
43%
378.2234.5Ghana
43%
383232.4Lomé
43%
403.3203.9Niamey
43%
377219Ouagadougou
43%
385.7225Porto-Novo
43%
383232.4Togo
43%
368235.9Yamoussoukro
43%
683342Australia
40%
180.9203.6Belize
40%
180.9203.6Belmopan
40%
14366Canada
40%
683342Canberra
40%
36382.5Dublin
40%
43752Finland
40%
43752Helsinki
40%
36382.5Ireland
40%
37786London
40%
657220.6Manila
40%
680.5241.3Ngerulmud
40%
401.757Norway
40%
798.1328.7Nukuʻalofa
40%
401.757Oslo
40%
14366Ottawa
40%
680.5241.3Palau
40%
657220.6Philippines
40%
414.360.5Stockholm
40%
414.360.5Sweden
40%
798.1328.7Tonga
40%
37786United Kingdom
40%
153129United States
40%
153129Washington D.C.
40%
693.3140Japan
37%
614.2256.7Singapore
37%
614.2256.7Singapore (cap)
37%
652.9182.1Taipei
37%
652.9182.1Taiwan
37%
693.3140Tokyo
37%
209180.9Bahamas
33%
206190.2Cuba
33%
206190.2Havana
33%
206200.2Jamaica
33%
206200.2Kingston
33%
209180.9Nassau
33%
218196Port-au-Prince
33%
221197Dominican Republic
30%
218196Haiti
30%
545.9248.9Maldives
30%
545.9248.9Malé
30%
776.7391.9New Zealand
30%
221197Santo Domingo
30%
562235.3Sri Jayawardenepura Kotte
30%
562235.3Sri Lanka
30%
776.7391.9Wellington
30%
239.4203.4Basseterre
27%
243.2214.6Castries
27%
242.4209.5Dominica
27%
241.6220.6Grenada
27%
242.7216.8Kingstown
27%
242.5226.6Port-of-Spain
27%
242.4209.5Roseau
27%
241.6220.6Saint George's
27%
239.4203.4Saint Kitts and Nevis
27%
243.2214.6Saint Lucia
27%
242.7216.8Saint Vincent and the Grenadines
27%
242.5226.6Trinidad and Tobago
27%
241.4204Antigua and Barbuda
23%
494.3174Bahrain
23%
246.5217Barbados
23%
246.5217Bridgetown
23%
479.4301.4Comoros
23%
455.3143.7Cyprus
23%
34143Iceland
23%
486324.3Madagascar
23%
412.9141.1Malta
23%
494.3174Manama
23%
510.1329.1Mauritius
23%
479.4301.4Moroni
23%
455.3143.7Nicosia
23%
510.1329.1Port Louis
23%
34143Reykjavík
23%
241.4204Saint John's
23%
395.5260.6São Tomé
23%
395.5260.6São Tomé and Príncipe
23%
505.5277Seychelles
23%
412.9141.1Valletta
23%
505.5277Victoria
23%
486324.3Antananarivo
20%
326.7206.9Cape Verde
20%
326.7206.9Praia
20%

Score Distribution

Percentile by Number Answered

Percent of People with Each Score

Your Score History

You have not taken this quiz